تعاون ناظر المدرسة الثانوية وهيئة التدريس / (Record no. 37743)
[ view plain ]
| 000 -الفاتح | |
|---|---|
| حقل البيانات ثابتة الطول | 00845nam a2200253Ia 4500 |
| 005 - وقت وتاريخ اخر تعامل مع التسجيلة | |
| رقم الضبط | 20240530103229.0 |
| 008 - عناصر البيانات ثابتة الطول - معلومات عامة | |
| حقل البيانات ثابتة الطول | 140319s9999 xx 000 0 ara d |
| 040 ## - مصدر الفهرسة | |
| وكالة الفهرسة الأصلية | GCL / |
| وكالة النسخ | GCL |
| 082 04 - رقم تصنيف ديوى العشرى | |
| رقم التصنيف | 371.106 |
| رقم المادة | ب ت |
| 100 1# - المدخل الرئيسى - إسم شخصى | |
| الإسم الشخصى | محمد السيد روحه |
| 245 10 - بيان العنوان | |
| العنوان | تعاون ناظر المدرسة الثانوية وهيئة التدريس / |
| بيان المسئوليه,etc | محمد السيد روحه |
| 300 ## - الوصف المادى | |
| التعداد | 195 ص |
| 490 ## - بيان السلسلة | |
| عنوان السلسلة | التعليم فى ضوء التجارب |
| رقم المجلد/ التعيين التسلسلي | 0 |
| 650 04 - المدخل الاضافى بالموضوع-مصطلح موضوعى | |
| مصطلح موضوعي | المدارس الثانوية |
| 650 04 - المدخل الاضافى بالموضوع-مصطلح موضوعى | |
| مصطلح موضوعي | علم النفس التربوى |
| 650 04 - المدخل الاضافى بالموضوع-مصطلح موضوعى | |
| مصطلح موضوعي | المدرسون |
| 650 04 - المدخل الاضافى بالموضوع-مصطلح موضوعى | |
| مصطلح موضوعي | التربويون |
| 650 04 - المدخل الاضافى بالموضوع-مصطلح موضوعى | |
| مصطلح موضوعي | طلبة المدارس |
| 700 1# - المدخل الاضافى - اسم شخصى | |
| الإسم الشخصى | برستوود، الوودل |
| 700 1# - المدخل الاضافى - اسم شخصى | |
| الإسم الشخصى | محمد العزاوى |
| 700 1# - المدخل الاضافى - اسم شخصى | |
| الإسم الشخصى | محمد سليمان شعلان (مراجع) |
| 942 ## - عناصر المدخل الإضافي( كوها) | |
| مصدر التصنيف او مخطط الترفيف | Dewey Decimal Classification |
| Koha [default] item type | كتاب |
| حالة التراجع | حالة الفقد | حالة تلف | ليس للاعارة | المكان المؤقت | الموقع الحالى | تاريخ الاكتساب | اجمالي اﻻعارات | رقم الطلب | الباركود | تاريخ اخر مشاهدة | تاريخ تفعيل السعر | نوع وعاء كوها |
|---|---|---|---|---|---|---|---|---|---|---|---|---|
| مكتبة القاهرة الكبرى | مكتبة القاهرة الكبرى | 03/26/2014 | 371.106\ب ت | 92155 | 03/26/2014 | 03/26/2014 | كتاب | |||||
| مكتبة القاهرة الكبرى | مكتبة القاهرة الكبرى | 03/26/2014 | 371.106\ب ت | 92156 | 03/26/2014 | 03/26/2014 | كتاب |

